Les merveilles de l'industrie ou Description des principales industries modernes / (Record no. 54187)

MARC details
000 -LEADER
campo de control de longitud fija 00706nam a2200205 i 4500
001 - NÚMERO DE CONTROL
campo de control 54187
003 - IDENTIFICADOR DE NÚMERO DE CONTROL
campo de control ES-MaACL
005 - FECHA Y HORA DE LA ÚLTIMA TRANSACCIÓN
campo de control 20250815063220.0
007 - CAMPO FIJO DE DESCRIPCIÓN FÍSICA--INFORMACIÓN GENERAL
campo de control de longitud fija t|
008 - DATOS DE LONGITUD FIJA--INFORMACIÓN GENERAL
campo de control de longitud fija 960716q1873 fr a |||| | fre d
040 ## - FUENTE DE CATALOGACIÓN
Centro catalogador/agencia de origen CAM
Lengua de catalogación spa
Centro/agencia transcriptor CAM
100 1# - ENTRADA PRINCIPAL--NOMBRE DE PERSONA
Nombre de persona Figuier, Louis,
Fechas asociadas al nombre 1819-1894
9 (RLIN) 50814
245 14 - MENCIÓN DEL TÍTULO
Título Les merveilles de l'industrie ou Description des principales industries modernes /
Mención de responsabilidad, etc. par Louis Figuier.
246 33 - FORMA VARIANTE DEL TITULO
Título propio/Titulo breve Description des principales industries modernes
260 ## - PUBLICACIÓN, DISTRIBUCIÓN, ETC.
Lugar de publicación, distribución, etc. Paris :
Nombre del editor, distribuidor, etc. Furne, Jouvet et Cie.,
Fecha de publicación, distribución, etc. [1873?] (
Lugar de fabricación/manufactura Corbeil :
Fabricante Typ. et stér. de Crété fils)
300 ## - DESCRIPCIÓN FÍSICA
Extensión 4 v. ;
Dimensiones 28 cm.
650 04 - PUNTO DE ACCESO ADICIONAL DE MATERIA--TÉRMINO DE MATERIA
Término de materia o nombre geográfico como elemento de entrada Inventos.
9 (RLIN) 13884
852 ## - LOCALIZACIÓN
Ubicación ES-MaACL
Número de control de estantería G-11838-41
Holdings
Estatus retirado Estado de pérdida Estado de daño No para préstamo Colección Biblioteca de origen Biblioteca actual Ubicación en estantería Fecha de adquisición Fuente de adquisición Total de préstamos Signatura topográfica completa Código de barras Visto por última vez Precio de reemplazo Tipo de ítem Koha
        Libros del s. XIX Biblioteca del Ateneo de Madrid Biblioteca del Ateneo de Madrid Sala Pecera Planta 3 17/01/2008     G-11838-41 1056946 23/02/2023 23/02/2023 Libro impreso antiguo